| 000 | 00702nam a22002657a 4500 | ||
|---|---|---|---|
| 003 | UA-OsUOA | ||
| 001 | 26736 | ||
| 007 | ta | ||
| 008 | 20040608b un ||||| |||| 00| 0 ukr d | ||
| 100 | _aСитник В.Ф. | ||
| 700 | _aКозак І.А. | ||
| 090 |
_a621.39:33 _bС41 |
||
| 942 | _cBK | ||
| 040 |
_aUA-OsUOA _brus _cUA-OsUOA _dUA-OsUOA |
||
| 245 |
_aТелекомунікації в бізнесі _bНавч.-метод. посібник для самост. вивч. дисц. |
||
| 300 | _a204 с. | ||
| 955 | _a0 | ||
| 041 | _arus | ||
| 080 | _a621.39:33 | ||
| 020 | _a966-574-097-0 | ||
| 260 |
_aКиїв _bКНЕУ _c1999 |
||
| 044 | _aRU | ||
| 650 | 7 | _2UDC | |
| 999 |
_c313064 _d313064 |
||